Advances in information storage systems
This volume covers friction-induced vibration, the influence of actuator-bearing grease composition, wear measurements for proximity recording heads, characteristics of a suspension assembly, design and analysis of the HDD Servo System, reluctance torque reduction, etc. It is organized into three pa...
Guardado en:
| Formato: | Libro |
|---|---|
| Lenguaje: | Undetermined |
| Publicado: |
Singapore
World Scientific
1998
|
| Materias: | |
| Etiquetas: |
Agregar Etiqueta
Sin Etiquetas, Sea el primero en etiquetar este registro!
|
| Thư viện lưu trữ: | Trung tâm Học liệu Trường Đại học Cần Thơ |
|---|
| LEADER | 01123nam a2200193Ia 4500 | ||
|---|---|---|---|
| 001 | CTU_211374 | ||
| 008 | 210402s9999 xx 000 0 und d | ||
| 020 | |c 64.74 | ||
| 082 | |a 658.4038 | ||
| 082 | |b A946/Vol.8 | ||
| 245 | 0 | |a Advances in information storage systems | |
| 245 | 0 | |c Editor, Bharat Bhushan | |
| 260 | |a Singapore | ||
| 260 | |b World Scientific | ||
| 260 | |c 1998 | ||
| 520 | |a This volume covers friction-induced vibration, the influence of actuator-bearing grease composition, wear measurements for proximity recording heads, characteristics of a suspension assembly, design and analysis of the HDD Servo System, reluctance torque reduction, etc. It is organized into three parts: Mechanics and Tribology for Data Storage Systems; Dynamics and Controls for Data Storage Systems; and Electric Motors for Data Storage Systems. | ||
| 650 | |a Management information systems,Information storage and retrieval systems,Quản lý hệ thống thông tin,Lưu trữ thông tin và hệ thống khôi phục | ||
| 904 | |i Trung Anh,Qhieu | ||
| 980 | |a Trung tâm Học liệu Trường Đại học Cần Thơ | ||